000 00833cam a2200241 a 4500
001 000019500
005 20200929170034.0
008 870627s1969 sp 001 e spa d
040 _aDO-SdBNP
_bspa
_cLC
_dBNPHU
082 _a864.6
_bJ82d
100 1 _aJordá, Enrique,
_d1911-1996
_941862
245 1 3 _aEl director de orquesta ante la partitura :
_bbosquejo de interpretación de la música orquestal /
_cEnrique Jordá.
260 _aMadrid :
_bEspasa-Calpe,
_c1969.
300 _a159, [16] p. ;
_c18 cm.
490 1 _aAustral. Verde: ensayos y filosofía
_v1474
500 _aIncluye índice de autores
650 4 _aEnsayos españoles
_93095
650 4 _aLiteratura española
_9632
830 0 _aAustral.
_pVerde: ensayos y filosofía;
_v1474
_98733
910 _aCatalogación derivada / LC
910 _aWM
049 _aBNGR
999 _c19016
_d19016